Виното (Запис номер 108000)
[ съкратено ]
| 000 -Лидер | |
|---|---|
| Контролно поле с фиксирана дължина | 01408nam a2200349 c 4500 |
| 003 - Код на организацията, давaща контролен номер | |
| Контролно поле | BLK |
| 005 - Дата и час на последна редакция | |
| Контролно поле | 20240209093951.0 |
| 008 - Елементи от данни с фиксирана дължина | |
| fixed length control field | 180409b bul|||||r ||||||| ||bul|| |
| 010 ## - Наследен системен номер | |
| LC control number | KNG00113297000 |
| 020 ## - Международен стандартен номер на книга ISBN | |
| Международен стандартен номер на книга ISBN | 954-528-424-2 |
| -- | издат.: Труд |
| 040 ## - Източник на каталожния запис | |
| Идентификатор на билиотеката - собственик на записа | BLK |
| 041 ## - Код за език | |
| Код за езика на текст/звукозапис или на отделно заглавие | Български |
| Код за езика КДБФ | Български |
| 080 ## - УДК | |
| Текстов определител УДК | Вина. Винопроизводство |
| УДК код - определител по УДК | 663.2 |
| УДК определител | (091)(031) |
| УДК - код + определител | 663.2(091)(031) |
| 080 ## - УДК | |
| Текстов определител УДК | Вина. Винопроизводство |
| УДК код - определител по УДК | 663.2 |
| УДК определител | (497.2)(031) |
| УДК - код + определител | 663.2(497.2)(031) |
| 100 1# - Редна дума - Автор | |
| Автор | Бориславов, Ясен |
| Авторска отговорност | първи автор |
| R(LIN) | 286180 |
| 139 ## - Редно поле | |
| Редна дума | Бориславов, Ясен |
| Авторски знак | Борд - Б 65 |
| 245 10 - Сведения за заглавието | |
| Заглавие | Виното |
| Подзаглавни данни | Бълг. енциклопедия : История, Култура, Технология, Дегустация, Изби и вина : Бълг. енциклопедия |
| Редно поле (дума) | Ясен Бориславов; худож. Людмил Веселинов. |
| 257 ## - Страна на издаване | |
| Страна на създаване/издаване | България |
| 260 ## - Област на издателските данни | |
| -- | София |
| Име на издателя, разпространителя и проч. | Труд |
| Година на издаване | 2004 |
| 300 ## - Физическа характеристика | |
| Страници | 254 с. |
| Илюстрации и др. | с цв. ил. |
| Размери/Мащаб | 29 см |
| 380 ## - Жанр | |
| Жанр | Техника |
| 650 #4 - Допълнително описание по предмет – тема | |
| Основно описание – тема или топоним | Винопроизводство |
| 9 (RLIN) | 150734 |
| 653 ## - Ключова дума – ненормативна | |
| Ключова дума | вино |
| 653 ## - Ключова дума – ненормативна | |
| Ключова дума | енциклопедии |
| 700 1# - Други автори (авторска отговорност) | |
| Лично име | Веселинов, Людмил |
| Автороска отговорност (Описва отношението между автора и произведението) | худож. |
| 9 (RLIN) | 291052 |
| 852 ## - Местоположение | |
| Форматна сигнатура | Цб ІІ 12637 |
| 856 4# - Електронен адрес и достъп | |
| Електронен формат | pdf - файл |
| Път до файла /url/ | |
| 856 4# - Електронен адрес и достъп | |
| Електронен формат | pdf - файл |
| Път до файла /url/ | |
| 942 ## - АРТИКУЛИ | |
| Вид на библиотечния материал | Книги |
| Скрит в OPAC | Не |
| Koha issues (borrowed), all copies | 1 |
| 944 ## - СЪЗДАВАНЕ И РЕДАКЦИЯ на ЗАПИСА | |
| Създаване/Редакция | Създаване |
| Дата на регистрацията/редакция | 31.05.2004 |
| Служител, извършил регистрацията/редакцията | 30546 |
| Статус, дата на статуса | Ренета Константинова |
| 944 ## - СЪЗДАВАНЕ И РЕДАКЦИЯ на ЗАПИСА | |
| Създаване/Редакция | Редакция |
| Дата на регистрацията/редакция | 27.02.2013 |
| Служител, извършил регистрацията/редакцията | |
| 999 ## - СИСТЕМНИ КОНТРОЛНИ НОМЕРА | |
| Koha biblionumber | 108000 |
| Koha biblioitemnumber | 108000 |
| Код за отписване | Код за изгубен артикул | Източник на класификационната схема | Код за повреда | Коз за рестрикции | Код за отдаване | Артикулен № | Име на библиотеката - собственик | Име на библиотеката, в която се намира в момента | Статус (Текущо местоположение) | Дата на вписване в системата | Местоположение - отдел | Цена в лева | Инвентарен номер | Систематично азбучна сигнатура | Баркод | Номер на екземпляра | Цена в евро | Служебна бележка | Служебен тип на артикула |
|---|---|---|---|---|---|---|---|---|---|---|---|---|---|---|---|---|---|---|---|
| Не е изгубен | Universal Decimal Classification | Не е повреден | без рестрикции | ползва се в читалня | 174150 | Регионална библиотека "Любен Каравелов" Русе | Регионална библиотека "Любен Каравелов" Русе | Читалня - справочен фонд | 2004-05-31 | Читалня | 39.99 | 120000685752 | СЧ 663/Б 65 | 120000685752 | 1 | 20.45 | Дост: Pk Вид: Ф N: 8876 Дата: 26.05.2004 Дата инв: 29.03.2017 Бележки инв: СЧ2017 | Книги |